Trendy v online marketingu bakalárska práca

Salvato in:
Dettagli Bibliografici
Autore principale: Frešo, Slavomír, 1978-
Ente Autore: Obchodná fakulta EU. Katedra marketingu
Altri autori: Stanková, Monika, 1993-
Natura: Libro
Lingua:slovacco
Pubblicazione: Bratislava 2020
Tags: Aggiungi Tag
Nessun Tag, puoi essere il primo ad aggiungerne!!

MARC

LEADER 00000nbm a2200000 4500
001 0266572
005 20201006100917.5
041 0 |a slo 
044 |a SK 
245 1 0 |a Trendy v online marketingu  |b bakalárska práca  |c Slavomír Frešo ; školiteľ: Monika Stanková 
264 1 |a Bratislava  |c 2020 
300 |a 47 s. 
100 1 |a Frešo, Slavomír, 1978- 
700 1 |a Stanková, Monika, 1993- 
710 2 |a Obchodná fakulta EU. Katedra marketingu